000 00861cam a2200217 4500
001 WB3705-26
008 000000n2001 000 0 eng u
035 _a(Sirsi) u110677
245 _aMaximum rent shock for landowners
260 _c2001
490 _aEstates Gazette
_v(0104) 27 January 2001, 58(1)
520 _aThe ruling by the House of Lords on the Rent Acts (Maximum Fair Rent) Order 1999 means that estate landowners could face repaying thousands of pounds of rent. A capping formula will once again limit rent increases. For the "Spath Home" decision, see WB3701-26.
590 _aWB
650 _aRENT ACTS (MAXIMUM FAIR RENT) ORDER 1999
650 _aLANDOWNERS
650 _aFAIR RENTS
650 _aCAPPING
650 _aR V SOS ENVIRONMENT AND ANOTHER EX P SPATH HOLME LTD
690 _aPROPERTY-LANDLORD AND TENANT
942 _n0
999 _c65953
_d65953